Films des années 80 - Mort subite - Statistiques

Statistiques générales
  • Ce quiz a été pris 711 fois
  • Le résultat moyen est 4 sur 20
Answers on the Grid
Answers color-coded by a green-red scale on the quiz's grid according to % correct below.
Full Metal Jacket
Elephant Man
Amadeus
Scarface
Retour vers le Futur
Shining
La Boum
Blade Runner
Le Père Noël est une ordure
Les Aventuriers de l'arche perdue
Star Wars, épisode V : L'Empire contre-attaque
Raging Bull
La Chèvre
La Dernière Tentation du Christ
Le Grand Bleu
La vie est un long fleuve tranquille
Les Sous-doués
Dirty Dancing
SOS Fantômes
Les incorruptibles
Apocalypse Now
Voyage au bout de l'enfer
Taxi Driver
Les Dents de la mer
Rocky
Le Parrain, 2e partie
Alien - Le 8ème Passager
Massacre à la tronçonneuse
Les Bronzés font du ski
Will Hunting
Pulp Fiction
The Mask
Nikita
Ghost
Seven
Terminator 2 : Le Jugement dernier
Braveheart
Le Dernier des Mohicans
The Big Lebowski
 
Statistiques - réponses
Réponse % Correct
La Boum
34%
Retour vers le Futur
31%
SOS Fantômes
31%
Dirty Dancing
26%
Shining
26%
Star Wars, épisode V : L'Empire contre-attaque
25%
Le Père Noël est une ordure
24%
Les Aventuriers de l'arche perdue
19%
Blade Runner
18%
Le Grand Bleu
18%
Elephant Man
17%
La Chèvre
16%
Les Sous-doués
16%
Scarface
16%
Full Metal Jacket
15%
Amadeus
14%
Les incorruptibles
13%
Raging Bull
11%
La vie est un long fleuve tranquille
10%
La Dernière Tentation du Christ
7%
Aucun quiz correspondant
Distribution des résultats
% des personnes avec chaque résultat
Percentile par nombre de réponses
Votre historique - résultats
Vous n’avez pas pris ce quiz